• 首页
  • 本馆介绍
  • 公告通知
  • 最新文献
  • 馆藏检索
  • 电子资源
  • 读者导购
  • 参考咨询
  • 我的图书馆
  • 登录
  • 详细信息显示
  • 放入我的书架
  • 预约/预借图书
  • 作者相关作品
  • 分类相关作品
  • 丛书相关作品
  • 出版社相关作品

书目信息

  • 表格格式
  • 工作单格式
  • 卡片格式
题名:
西部布堆画艺术
    
 
作者: 冯山云 撰文
分册:  
出版信息: 北京   外文出版社  2003
页数: 94页
开本: 21×19cm
丛书名:
单 册:
中图分类: J529
科图分类:
主题词: 织物--贴画--中国--现代--画册 , 织物 , 贴画
电子资源:
ISBN: 7-119-03073-6
000 00905nam0 2200265 450
001 002330252
005 20070805102405.14
010    @a7-119-03073-6@b精装@dCNY98.00
100    @a20030318d2003 em y0chiy0110 ea
101 0  @achi@ager
102    @aCN@b110000
105    @aa z 000yy
106    @ar
200 1  @a西部布堆画艺术@Axi bu bu dui hua yi shu@e[中德文本]@E[ zhong de wen ben ]@f[冯山云撰文]@F[ feng shan yun zhuan wen ]
210    @a北京@c外文出版社@d2003
215    @a94页@c图@d21×19cm
330    @a本书介绍的是陕北黄土高原上用布头布角变废为美的布堆画艺术,共收录了81个作品,包括:“高山”、“龙凤吉祥”、“回娘家”等。
510 1  @aDie Stoffbildkunst aus Nord-Shaanxi@zger
606 0  @a织物@x贴画@y中国@z现代@j画册
606 0  @a织物
606 0  @a贴画
690    @aJ529@v4
701  0 @a冯山云@Afeng shan yun@f(1949~)@4撰文
801  0 @aCN@bNLC@c20070805
905    @dJ529@e270@f1
    
    西部布堆画艺术:[中德文本]/[冯山云撰文].-北京:外文出版社,2003
    94页:图;21×19cm
    
    
    ISBN 7-119-03073-6(精装):CNY98.00
    本书介绍的是陕北黄土高原上用布头布角变废为美的布堆画艺术,共收录了81个作品,包括:“高山”、“龙凤吉祥”、“回娘家”等。
●
相关链接 在E读中查询图书 在五车中查询图书 在当当中查询图书 在豆瓣中查询图书


正题名:西部布堆画艺术     索取号:J529/270         预约/预借

序号 登录号 条形码 馆藏地/架位号 状态 备注
1 0852620   208526200   第一样本阅览室/ [索取号:J529/270] 在馆    
唐山师范学院图书馆 欢迎您!
大连网信软件有限公司© 版权所有